F1 points scorer 2026 Grid - Statistics

General Stats
  • This quiz has been taken 183 times
    43 since last reset
  • The average score is 21 of 22
Answer Stats
Rank Hint Answer % Correct
19 1481 Norris
100%
41 841 Piastri
100%
3 3457.5 Verstappen
100%
1 5406.5 Hamilton
98%
61 614 Hülkenberg
98%
23 1343.5 Sainz
98%
5 3234 Alonso
95%
103 250 Antonelli
95%
196 56 Hadjar
95%
13 1731 Leclerc
95%
17 1630 Perez
95%
183 65 Bearman
93%
292 21 Bortoleto
93%
11 1790 Bottas
93%
72 472 Gasly
93%
197 54 Lawson
93%
70 484 Ocon
93%
28 1106 Russell
93%
92 325 Stroll
93%
94 314 Albon
90%
333 12 Colapinto
85%
429 4 Lindblad
83%
No matching quizzes found
Score Distribution
Percent of People with Each Score
Percentile by Number Answered
Your Score History
You have not taken this quiz since the last reset